[Event "SLO-chT2 West"]
[Site "Postojna"]
[Date "2009.11.07"]
[Round "8.3"]
[White "Tusar, Borut"]
[Black "Varini, Massimo"]
[Result "0-1"]
[WhiteElo "1996"]
[BlackElo "2072"]
[PlyCount "55"]
[EventDate "2009.10.23"]
[EventType "team-tourn"]
[EventRounds "9"]
[EventCountry "SLO"]
[SourceTitle "EXT 2010"]
[Source "ChessBase"]
[SourceDate "2010.11.25"]
[SourceVersion "1"]
[SourceVersionDate "2010.11.25"]
[SourceQuality "1"]
[WhiteTeam "Postojna"]
[BlackTeam "Sezana"]
[WhiteTeamCountry "SLO"]
[BlackTeamCountry "SLO"]

1. e4 e6 2. d4 d5 3. exd5 exd5 4. c4 Nf6 5. Nc3 c6 6. f4 Bb4 7. a3 Bxc3+ 8. bxc3 0-0 9. Nf3 Bg4 10. Be2 Bxf3 11. gxf3 Re8 12. 0-0 Nbd7 13. Rf2 dxc4 14. Bxc4 Nb6 15. Bb3 Nbd5 16. c4 Ne3 17. Qd3 Nfg4 18. fxg4 Nxg4 19. Rf1 Nxh2 20. Rd1 Qh4 21. Ra2 Ng4 22. Rf1 Re1 23. Rxe1 Qxe1+ 24. Kg2 Qxc1 25. Re2 Qxf4 26. Bc2 g6 27. d5 Qh2+ 28. Kf3 0-1